|
|
|
|
| LEADER |
00000nam0a2200000 4500 |
| 001 |
107500 |
| 005 |
20231031115315.0 |
| 010 |
|
|
|a 9669641543
|
| 035 |
|
|
|a (RuTPU)RU\TPU\book\116059
|
| 090 |
|
|
|a 107500
|
| 100 |
|
|
|a 20061225d2005 km y0rusy50 ca
|
| 101 |
0 |
|
|a rus
|
| 102 |
|
|
|a UA
|
| 105 |
|
|
|a a z 000zy
|
| 200 |
1 |
|
|a Одноплатные микроконтроллеры. Проектирование и применение
|f В. А. Швец [и др.]
|
| 210 |
|
|
|a Киев
|c МК-Пресс
|d 2005
|
| 215 |
|
|
|a 304 с.
|c ил.
|
| 330 |
|
|
|a Книга посвящена вопросам комплексного проектирования одноплатных микроконтроллеров для информационных и управляющих систем, построенных на универсальных микропроцессорах х86 и микроконтроллерах семейства х51. Подробно рассматриваются вопросы проектирования узлов одноплатных микроконтроллеров, программного обеспечения, применение микропроцессоров в цифровой обработке информации и измерительных устройствах.
|
| 610 |
1 |
|
|a одноплатные микроконтроллеры
|
| 610 |
1 |
|
|a проектирование
|
| 610 |
1 |
|
|a цифровые фильтры
|
| 610 |
1 |
|
|a цифровые частотомеры
|
| 610 |
1 |
|
|a микропроцессоры
|
| 610 |
1 |
|
|a применение
|
| 675 |
|
|
|a 681.325.5-181.48
|v 3
|
| 701 |
|
1 |
|a Швец
|b В. А.
|g Валериан Анатольевич
|
| 701 |
|
1 |
|a Шестакова
|b В. В.
|g Виолетта Владимировна
|
| 701 |
|
1 |
|a Бурцева
|b Н. В.
|g Наталья Викторовна
|
| 701 |
|
1 |
|a Мелешко
|b Т. В.
|g Татьяна Викторовна
|
| 801 |
|
1 |
|a RU
|b 63413507
|c 20061225
|g PSBO
|
| 801 |
|
2 |
|a RU
|b 63413507
|c 20111126
|g PSBO
|
| 900 |
|
|
|a Проектирование микропроцессорных средств измерения
|
| 942 |
|
|
|c BK
|
| 959 |
|
|
|a 114/20061222
|d 1
|e 179,30
|f ЧЗТЛ:1
|